| 000 | 01363cam a2200385 a 4500 | ||
|---|---|---|---|
| 001 | 18780 | ||
| 003 | BD-RjUL | ||
| 005 | 20211209000331.0 | ||
| 008 | 140222t20051991nyu 000 1 eng | ||
| 020 | _a0393978893 (pbk. : alk. paper) | ||
| 035 | _a(BD-RjUL)18838 | ||
| 040 |
_aDLC _cDLC _dDLC _dBD-RjUL _beng |
||
| 041 | _aeng | ||
| 082 | 0 | 0 |
_a823.8 _221 _bBRW 2005 |
| 100 | 1 |
_aBrontë, Emily, _d1818-1848. _957896 |
|
| 245 | 1 | 0 |
_aWuthering Heights : _bthe 1847 text, backgrounds and contexts, criticism / _cEmily Brontë ; edited by Richard J. Dunn. |
| 250 | _a4th ed. | ||
| 260 |
_aNew York : _bNorton, _cc1991 [2005]. |
||
| 300 |
_axiii, 432 p. ; _c22 cm. |
||
| 504 | _aIncludes bibliographical references (p. 431-432). | ||
| 600 | 1 | 0 |
_aBrontë, Emily, _d1818-1848. _957914 |
| 650 | 0 |
_aTriangles (Interpersonal relations) _vFiction. _957899 |
|
| 650 | 0 |
_aRejection (Psychology) _vFiction. _957900 |
|
| 650 | 0 |
_aRural families _vFiction. _957901 |
|
| 650 | 0 |
_aFoundlings _vFiction. _957902 |
|
| 651 | 0 |
_aYorkshire (England) _vFiction. _957903 |
|
| 655 | 7 |
_aPsychological fiction. _2lcsh _957915 |
|
| 655 | 7 |
_aDomestic fiction. _2lcsh _957916 |
|
| 655 | 7 |
_aLove stories. _2gsafd _957917 |
|
| 700 | 1 |
_aDunn, Richard J., _d1938- _957907 |
|
| 942 |
_2ddc _cBK |
||
| 999 |
_c18780 _d18780 |
||